[Event "AUTO-ADV-2991"]
[Site "http://www.queenalice.com/game.php?id=1228574"]
[Date "2013.10.30"]
[Round "1"]
[White "sia"]
[Black "szn1"]
[Result "1-0"]
[WhiteElo "2011"]
[BlackElo "1792"]

1. e3 e5 2. g3 Nf6 3. Bg2 d5 4. Ne2 Bd6 5. b3 O-O 6. Bb2 Be6 7. d3 Nbd7 8. O-O
Rb8 9. c4 c6 10. Nbc3 a6 11. cxd5 Nxd5 12. d4 Nxc3 13. Bxc3 exd4 14. Nxd4 Qe7
15. Bxc6 Bh3 16. Bg2 Bxg2 17. Kxg2 Nf6 18. Qf3 Qe4 19. Nf5 Qxf3+ 20. Kxf3 Bc5
21. Bxf6 gxf6 22. Rfd1 Rfd8 23. h4 b5 24. Nh6+ Kg7 25. Nf5+ Kf8 26. Nd4 Rd5 27.
Nc6 Rxd1 28. Rxd1 Rc8 29. Nd4 Ke8 30. Nf5 Rd8 31. Rxd8+ Kxd8 32. Nh6 Ke7 33. Kf4
b4 34. Kf5 1-0

[Event "AUTO-ADV-2991"]
[Site "http://www.queenalice.com/game.php?id=1228575"]
[Date "2013.10.30"]
[Round "1"]
[White "szn1"]
[Black "sia"]
[Result "1-0"]
[WhiteElo "1839"]
[BlackElo "1980"]

1. e4 e6 2. d4 d6 3. f4 Bd7 4. Nf3 Be7 5. Bd3 Nf6 6. O-O a6 7. c4 c6 8. Nc3 O-O
9. e5 Ne8 10. Qc2 g6 11. Be3 Ng7 12. exd6 Bxd6 13. c5 Be7 14. Na4 Nf5 15. Bf2
Bf6 16. Nb6 Ra7 17. Ne5 Be8 18. Qc4 Nd7 19. Nbxd7 Bxd7 20. g4 Ne7 21. Be4 Bxe5
22. dxe5 Qc7 23. Bg3 b5 24. cxb6 Qxb6+ 25. Bf2 c5 26. Qxc5 Qxc5 27. Bxc5 Bc6 28.
Bxc6 Nxc6 29. Bxa7 Nxa7 30. b3 Nb5 31. Rac1 Nd4 32. Kf2 f5 33. Ke3 Nb5 34. Rc6
fxg4 35. Rxa6 Nc7 36. Rc6 Nd5+ 37. Ke4 Re8 38. a4 Kf7 39. a5 Rb8 40. a6 Rxb3 41.
Ra1 Rb4+ 42. Kd3 Nxf4+ 43. Kc2 Rb8 44. Rc7+ Ke8 45. a7 Ra8 46. Rxh7 Rc8+ 47. Kb3
Nd5 48. Rh8+ Kd7 49. Rxc8 Kxc8 50. a8=Q+ 1-0

[Event "AUTO-ADV-2991"]
[Site "http://www.queenalice.com/game.php?id=1228588"]
[Date "2013.10.30"]
[Round "1"]
[White "backnine"]
[Black "szn1"]
[Result "0-1"]
[WhiteElo "1650"]
[BlackElo "1807"]

1. e4 e6 2. d3 d5 3. Qe2 Nf6 4. Bg5 Be7 5. g3 h6 6. Bxf6 Bxf6 7. c3 dxe4 8. dxe4
e5 9. Bg2 c6 10. Nf3 Be6 11. O-O O-O 12. Qc2 Nd7 13. Nbd2 Nc5 14. Rfd1 Qc7 15.
Nb3 Nxb3 16. axb3 a6 17. b4 c5 18. bxc5 Qxc5 19. b4 Qc7 20. Ra5 b6 21. Raa1 a5
22. bxa5 bxa5 23. Bf1 Rfb8 24. Rdb1 Rxb1 25. Rxb1 a4 26. Nd2 Bg5 27. Nf3 Be7 28.
Bb5 a3 0-1

[Event "AUTO-ADV-2991"]
[Site "http://www.queenalice.com/game.php?id=1228589"]
[Date "2013.10.30"]
[Round "1"]
[White "szn1"]
[Black "backnine"]
[Result "1-0"]
[WhiteElo "1817"]
[BlackElo "1640"]

1. e4 e5 2. Nf3 d6 3. d4 Qe7 4. Nc3 c6 5. Bc4 h6 6. a4 a5 7. O-O g6 8. Be3 Bg4
9. h3 Bxf3 10. Qxf3 Nf6 11. dxe5 dxe5 12. Rad1 Bg7 13. Rd2 O-O 14. Rfd1 Nbd7 15.
g4 Rad8 16. Qg2 b6 17. h4 Nc5 18. Bxc5 bxc5 19. Ne2 Rxd2 20. Rxd2 Rd8 21. Rd3
Rxd3 22. cxd3 Nd7 23. g5 Kf8 24. b3 Nb6 25. Qg4 hxg5 26. hxg5 Qd8 27. Qg3 Nxc4
28. bxc4 1-0

[Event "AUTO-ADV-2991"]
[Site "http://www.queenalice.com/game.php?id=1228596"]
[Date "2013.10.30"]
[Round "1"]
[White "RogerioJJ"]
[Black "szn1"]
[Result "0-1"]
[WhiteElo "1887"]
[BlackElo "1733"]

1. e4 e6 2. d4 d5 3. e5 c5 4. c3 Nc6 5. Nf3 Qb6 6. Be2 cxd4 7. cxd4 Nge7 8. Nc3
Nf5 9. Na4 Qa5+ 10. Nc3 Bb4 11. Qd3 Bd7 12. O-O O-O 13. a3 Bxc3 0-1

[Event "AUTO-ADV-2991"]
[Site "http://www.queenalice.com/game.php?id=1228597"]
[Date "2013.10.30"]
[Round "1"]
[White "szn1"]
[Black "RogerioJJ"]
[Result "1-0"]
[WhiteElo "1757"]
[BlackElo "1887"]

1. e4 e6 2. d4 d5 3. Nd2 c5 4. Ngf3 Nc6 5. exd5 exd5 6. Bb5 Qe7+ 7. Qe2 Qxe2+ 8.
Kxe2 Bd7 9. dxc5 Bxc5 10. Nb3 Bb6 11. Re1 f6 12. Kf1+ Nge7 13. Be3 Bxe3 14. Rxe3
Kf7 15. Nc5 Bc8 16. c4 1-0

[Event "Challenge"]
[Site "http://www.queenalice.com/game.php?id=1237398"]
[Date "2013.12.3"]
[Round "-"]
[White "szn1"]
[Black "Omar"]
[Result "1-0"]
[WhiteElo "1826"]
[BlackElo "1758"]

1. e4 e5 2. Nf3 d6 3. d4 exd4 4. Nxd4 Be7 5. Bc4 Nf6 6. Nc3 a6 7. a4 c5 8. Nde2
Nc6 9. O-O O-O 10. Nf4 Ne5 11. Qe2 Bg4 12. f3 Bd7 13. Be3 h6 14. Rad1 b5 15.
axb5 axb5 16. Bxb5 Qb8 17. Bxd7 Nexd7 18. b3 Ne5 19. Nfd5 Bd8 20. Nxf6+ Bxf6 21.
Nd5 Bd8 22. f4 Ng6 23. f5 Ne5 24. f6 g5 25. Qh5 Ng4 26. Qxg4 Kh7 27. Nf4 Bxf6
28. Qf5+ Kg8 29. Qxf6 Qc8 30. Nh5 Qe6 31. Qxe6 fxe6 32. Rxf8+ Rxf8 33. Rxd6 Kf7
34. Bxc5 Rg8 35. g4 Rc8 36. b4 Rc7 37. Ra6 Rc8 38. Ra7+ Ke8 39. Nf6+ Kd8 40.
Rd7# 1-0

[Event "AUTO-INT-2738"]
[Site "http://www.queenalice.com/game.php?id=1249916"]
[Date "2014.1.20"]
[Round "2"]
[White "Football_rules"]
[Black "szn1"]
[Result "0-1"]
[WhiteElo "1713"]
[BlackElo "1898"]

1. e4 c5 2. Bc4 e6 3. Nf3 Nc6 4. a3 d5 5. exd5 exd5 6. Bd3 Nf6 7. Nc3 Be7 8. h3
O-O 9. Bb5 Re8 10. Bxc6 bxc6 11. d3 Bd6+ 12. Be3 d4 13. Qd2 dxe3 14. fxe3 Bf4
15. Ne2 Rxe3 16. O-O Rxf3 17. Nxf4 Rxf1+ 18. Rxf1 Ba6 19. Qf2 Qd4 20. Qxd4 cxd4
21. Ne2 c5 22. b3 Bb7 23. b4 cxb4 24. axb4 a5 25. b5 Nd5 26. Nxd4 Ne3 27. Rf2 a4
28. b6 a3 29. Nb3 a2 30. Na1 Nxg2 31. c4 Ne1 32. Re2 Nxd3 33. Nb3 a1=Q+ 34. Nxa1
Rxa1+ 35. Kh2 Kf8 36. Rd2 Nc5 37. Rd4 Rb1 38. Rh4 Rxb6 39. Rxh7 Rh6 40. Rxh6
gxh6 41. h4 Ba6 42. h5 Bxc4 43. Kg3 f5 44. Kf4 Bd3 45. Ke3 Ke7 46. Kf4 Kf6 47.
Ke3 Ke5 48. Kf3 f4 49. Kf2 Ke4 50. Kg1 Ke3 51. Kg2 f3+ 52. Kg1 f2+ 53. Kh2 f1=Q
54. Kg3 Qf2+ 55. Kg4 Bf5# 0-1

[Event "AUTO-INT-2738"]
[Site "http://www.queenalice.com/game.php?id=1249917"]
[Date "2014.1.20"]
[Round "2"]
[White "szn1"]
[Black "Football_rules"]
[Result "0-1"]
[WhiteElo "1861"]
[BlackElo "1683"]

1. e4 e5 2. Nf3 d6 3. d4 exd4 4. Nxd4 Nf6 5. Nc3 a6 6. g3 h6 7. Bg2 Nc6 8. Nxc6
bxc6 9. O-O Be7 10. h3 O-O 11. Be3 Be6 12. b3 Qd7 13. Kh2 h5 14. Bg5 g6 15. f4
Kg7 16. Qd2 Rh8 17. e5 dxe5 18. Bxf6+ Bxf6 19. Qxd7 Bxd7 20. fxe5 Bxe5 21. Rf3
h4 0-1

[Event "AUTO-INT-2738"]
[Site "http://www.queenalice.com/game.php?id=1249920"]
[Date "2014.1.20"]
[Round "2"]
[White "szn1"]
[Black "ac2012"]
[Result "1-0"]
[WhiteElo "1871"]
[BlackElo "1799"]

1. e4 e5 2. Nf3 d6 3. d4 exd4 4. Nxd4 Be7 5. c4 Nf6 6. Nc3 c5 7. Nc2 h6 8. Be2
a6 9. O-O O-O 10. Be3 Bd7 11. f4 b5 12. cxb5 axb5 13. e5 dxe5 14. fxe5 Ne8 15.
Nxb5 Nc7 16. Nd6 Be6 17. Bxc5 Nca6 18. Ba3 Nc6 19. Bf3 Bd7 20. Nd4 Nxd4 21. Bxa8
Qxa8 22. Qxd4 Rd8 23. Nxf7 Bxa3 24. bxa3 Bb5 25. Qxd8+ Qxd8 26. Nxd8 Nc7 27. Rf7
Bc4 28. Rxc7 Bd5 29. e6 1-0

[Event "AUTO-INT-2738"]
[Site "http://www.queenalice.com/game.php?id=1249921"]
[Date "2014.1.20"]
[Round "2"]
[White "ac2012"]
[Black "szn1"]
[Result "0-1"]
[WhiteElo "1808"]
[BlackElo "1857"]

1. e4 c5 2. Nc3 Nc6 3. d3 e6 4. Be3 d5 5. exd5 exd5 6. Bd2 Be6 7. Nf3 Nf6 8. Be2
a6 9. O-O Bd6 10. a3 Qc7 11. h3 h6 12. b3 b5 13. Re1 O-O 14. Qc1 Rfe8 15. Bd1
Bf5 16. Nh4 Bh7 17. Bg4 Nxg4 18. Nxd5 Rxe1+ 19. Qxe1 Qd8 20. f3 Nf6 21. Nxf6+
Qxf6 22. g4 Nd4 23. Bc3 Qxh4 24. Bxd4 Qxe1+ 0-1

[Event "AUTO-INT-2714"]
[Site "http://www.queenalice.com/game.php?id=1253579"]
[Date "2014.2.3"]
[Round "2"]
[White "KillerQueen"]
[Black "szn1"]
[Result "1-0"]
[WhiteElo "1918"]
[BlackElo "1900"]

1. d4 Nf6 2. c4 e5 3. dxe5 Ng4 4. e4 Nxe5 5. Nf3 Nbc6 6. Nc3 Bb4 7. Be3 Bxc3+ 8.
bxc3 O-O 9. Nxe5 Nxe5 10. f4 Nc6 11. Bd3 d6 12. O-O f5 13. c5 Kh8 14. cxd6 Qxd6
15. e5 Qa3 16. Qb3 Qxb3 17. axb3 Be6 18. b4 a6 19. b5 axb5 20. Bxb5 Na5 21. Rfd1
c6 22. Be2 Nc4 23. Bc5 Rfd8 24. Rxd8+ Rxd8 25. Bd4 Kg8 26. Ra7 b5 27. Bf3 Rd7
28. Ra8+ 1-0

[Event "AUTO-INT-2714"]
[Site "http://www.queenalice.com/game.php?id=1253580"]
[Date "2014.2.3"]
[Round "2"]
[White "szn1"]
[Black "KillerQueen"]
[Result "0-1"]
[WhiteElo "1916"]
[BlackElo "1909"]

1. e4 e5 2. Nf3 f5 3. Nxe5 Nf6 4. Bc4 Qe7 5. d4 fxe4 6. Bf7+ Kd8 7. Bb3 d6 8.
Nf7+ Ke8 9. Nxh8 d5 10. O-O Nc6 11. Bg5 Be6 12. Nc3 Rd8 13. Bxf6 Qxf6 14. Qh5+
g6 15. Nxg6 hxg6 16. Qd1 Nxd4 17. Ne2 Nf5 18. c3 Bd6 19. Nd4 Qh4 20. h3 Nxd4 21.
Qxd4 Bxh3 22. Qf6 Qxf6 0-1

[Event "AUTO-INT-2714"]
[Site "http://www.queenalice.com/game.php?id=1253583"]
[Date "2014.2.3"]
[Round "2"]
[White "santanacampos"]
[Black "szn1"]
[Result "0-1"]
[WhiteElo "1677"]
[BlackElo "1848"]

1. Nf3 d5 2. e3 g6 3. Bd3 Bg7 4. O-O e5 5. e4 d4 6. Bc4 c6 7. c3 b5 8. Bb3 a5 9.
cxd4 a4 10. Bxf7+ Kxf7 11. Nxe5+ Bxe5 12. Qf3+ Qf6 13. dxe5 Qxf3 14. gxf3 Bh3
15. Re1 Ne7 16. d3 Nd7 17. d4 Ke6 18. f4 Nb6 19. Nd2 Bg4 20. Re3 Rad8 21. b3
Rxd4 22. bxa4 Nxa4 23. h3 Bd1 24. h4 Bc2 25. f3 Rhd8 26. Kf2 Rxd2+ 27. Bxd2
Rxd2+ 28. Kg3 Rd1 29. Rxd1 Bxd1 30. Rd3 Be2 31. Rd6+ Kf7 32. Kg4 Nc5 33. Kg5
Ne6+ 34. Kg4 h5+ 35. Kg3 b4 36. f5 gxf5 37. exf5 Nxf5+ 0-1

[Event "AUTO-INT-2714"]
[Site "http://www.queenalice.com/game.php?id=1253584"]
[Date "2014.2.3"]
[Round "2"]
[White "szn1"]
[Black "santanacampos"]
[Result "1-0"]
[WhiteElo "1838"]
[BlackElo "1687"]

1. e4 e5 2. Nf3 Nc6 3. d4 Bd6 4. Bc4 Qf6 5. Nc3 Nge7 6. Be3 O-O 7. d5 Nd8 8. Bg5
Qg6 9. h4 f6 10. h5 Qe8 11. Be3 Bb4 12. d6+ Nf7 13. dxe7 Qxe7 14. Bd2 h6 15. Nh4
Re8 16. Nf5 Qc5 17. Bxf7+ Kxf7 18. a3 Bxc3 19. Bxc3 d6 20. g4 b6 21. Qd5+ Qxd5
22. exd5 Bb7 23. O-O-O a5 24. b4 axb4 25. axb4 Ra3 26. Kb2 Ra6 27. Ne3 c6 28.
Ra1 Rxa1 29. Rxa1 cxd5 30. Ra7 Re7 31. Nf5 Rd7 32. Rxb7 Ke6 33. Rxd7 Kxd7 34. b5
d4 35. Bb4 Ke6 36. Nxg7+ 1-0

[Event "Challenge"]
[Site "http://www.queenalice.com/game.php?id=1255990"]
[Date "2014.2.13"]
[Round "-"]
[White "szn1"]
[Black "Omar"]
[Result "1-0"]
[WhiteElo "1907"]
[BlackElo "1736"]

1. e4 e5 2. Nf3 d6 3. d4 exd4 4. Nxd4 Nc6 5. Bb5 Bd7 6. Bxc6 bxc6 7. O-O c5 8.
Nf3 Bc6 9. Re1 Be7 10. Nc3 h6 11. b3 Nf6 12. Bb2 Nxe4 13. Nxe4 f6 14. Nh4 f5 15.
Qh5+ Kd7 16. Nxc5+ dxc5 17. Rad1+ Bd5 18. Rxd5+ Bd6 19. Qxf5+ Kc6 20. Ng6 Re8
21. Rxe8 Qxe8 22. g3 Rd8 23. c4 Qe2 24. Bxg7 Re8 25. Bxh6 Qe1+ 26. Kg2 Qe2 27.
Rd2 Qe4+ 28. Qxe4+ Rxe4 29. Bf4 Re6 30. Bxd6 cxd6 31. Nf4 Re8 32. h4 Kd7 33. Re2
Rg8 34. h5 Rg5 35. Ne6 Rxh5 36. g4 Rh6 37. Ng5 Rg6 38. f4 a5 39. a4 Kc6 40. Kf3
Kd7 41. Nh7 Rh6 42. Nf8+ Kd8 43. Kg3 Rf6 44. Ne6+ Kd7 45. f5 Rh6 46. g5 Rh1 47.
g6 Ke7 48. g7 Kf7 49. f6 Kxf6 50. g8=Q Rg1+ 51. Rg2 Re1 52. Rf2+ Ke7 53. Qf7#
1-0

[Event "AUTO-ADV-2991"]
[Site "http://www.queenalice.com/game.php?id=1256697"]
[Date "2014.2.15"]
[Round "2"]
[White "vult0"]
[Black "szn1"]
[Result "1/2-1/2"]
[WhiteElo "2295"]
[BlackElo "1896"]

1. d4 Nf6 2. c4 e6 3. Nc3 Bb4 4. a3 Bxc3+ 5. bxc3 c5 6. e3 O-O 7. Nf3 d6 8. Bd3
Nc6 9. O-O e5 10. dxe5 dxe5 11. Qc2 h6 12. Rd1 Qe7 13. Nd2 b6 14. Ne4 Bb7 15.
Nxf6+ Qxf6 16. Bh7+ Kh8 17. Be4 Rad8 18. Bd5 Na5 19. Qe4 Bc6 20. Bb2 Ba4 21. Rf1
Nc6 22. f4 Rde8 23. Rae1 exf4 24. Qb1 Qg6 25. Qxg6 fxg6 26. exf4 Rxe1 27. Rxe1
Rxf4 28. Re8+ Kh7 29. Bg8+ Kh8 30. Bd5+ Kh7 31. Bg8+ Kh8 32. Bd5+ Kh7 33. Bg8+
Kh8 34. Bd5+ 1/2-1/2

[Event "AUTO-ADV-2991"]
[Site "http://www.queenalice.com/game.php?id=1256698"]
[Date "2014.2.15"]
[Round "2"]
[White "szn1"]
[Black "vult0"]
[Result "0-1"]
[WhiteElo "1898"]
[BlackElo "2297"]

1. e4 e5 2. Nf3 d6 3. d4 exd4 4. Nxd4 Ne7 5. Nc3 Ng6 6. Be3 Be7 7. Qd2 a6 8.
O-O-O O-O 9. Bc4 Ne5 10. Be2 Nec6 11. f4 Nxd4 12. Bxd4 Nc6 13. Nd5 Nxd4 14.
Nxe7+ Qxe7 15. Qxd4 b5 16. Bf3 Bb7 17. h4 Rae8 18. Rde1 f6 19. g4 c5 20. Qf2 Rf7
21. Re2 Qe6 22. b3 a5 23. Qg3 c4 24. f5 Qc8 25. g5 cxb3 26. axb3 Qc3 27. Qf4 Rc7
28. Qxd6 Qa1+ 29. Kd2 Rxc2+ 30. Kxc2 Rc8+ 31. Kd3 Qc3# 0-1

[Event "AUTO-ADV-2991"]
[Site "http://www.queenalice.com/game.php?id=1256703"]
[Date "2014.2.15"]
[Round "2"]
[White "szn1"]
[Black "clovis"]
[Result "0-1"]
[WhiteElo "1908"]
[BlackElo "2070"]

1. e4 e5 2. Nf3 Nc6 3. Bb5 f5 4. Nc3 fxe4 5. Nxe4 d5 6. Nxe5 dxe4 7. Nxc6 Qd5 8.
c4 Qd6 9. Nxa7+ c6 10. Nxc8 Rxc8 11. Ba4 Nf6 12. Bc2 Qd4 13. Qe2 Bc5 14. O-O O-O
15. d3 Ng4 16. Qxg4 Rxf2 17. Qe6+ Kh8 18. Be3 Qxe3 19. Rxf2 Qxf2+ 20. Kh1 Rf8
21. h3 Qxc2 22. Qxe4 Qxb2 0-1

[Event "AUTO-ADV-2991"]
[Site "http://www.queenalice.com/game.php?id=1256704"]
[Date "2014.2.15"]
[Round "2"]
[White "clovis"]
[Black "szn1"]
[Result "0-1"]
[WhiteElo "2094"]
[BlackElo "1884"]

1. e4 c5 2. Nf3 g6 3. d4 Bg7 4. Nc3 cxd4 5. Nxd4 Nc6 6. Nxc6 bxc6 7. Bd3 Nf6 8.
O-O O-O 9. e5 Nd5 10. f4 e6 11. Ne4 a5 12. Nd6 Ba6 13. Bxa6 Qb6+ 14. Kh1 Qxa6
15. c4 Ne7 16. b3 Rfd8 17. Bb2 Nf5 18. Qd3 Nxd6 19. Qxd6 Bf8 20. Rad1 Bxd6 21.
Rxd6 a4 0-1

[Event "Challenge"]
[Site "http://www.queenalice.com/game.php?id=1266137"]
[Date "2014.3.18"]
[Round "-"]
[White "szn1"]
[Black "micbodu75"]
[Result "1-0"]
[WhiteElo "1885"]
[BlackElo "1855"]

1. c4 Nf6 2. g3 d5 3. Bg2 c6 4. Nf3 Nbd7 5. O-O e5 6. cxd5 cxd5 7. d4 Bd6 8.
dxe5 Nxe5 9. Nc3 Be6 10. Bg5 h6 11. Bxf6 gxf6 12. Nxe5 fxe5 13. Nxd5 O-O 14. e4
f5 15. exf5 Bxf5 16. Ne3 Qd7 17. Nxf5 Rxf5 18. Bh3 Raf8 19. Bxf5 Rxf5 20. Qg4+
Kh7 21. Rad1 Rf7 22. Qxd7 Rxd7 23. Rd5 Kg6 24. Rfd1 1-0

[Event "Challenge"]
[Site "http://www.queenalice.com/game.php?id=1272912"]
[Date "2014.4.14"]
[Round "-"]
[White "AlekinePb"]
[Black "szn1"]
[Result "0-1"]
[WhiteElo "1907"]
[BlackElo "1910"]

1. d4 Nf6 2. c4 e5 3. dxe5 Ng4 4. Nf3 Bc5 5. e3 Nc6 6. Qd5 Qe7 7. a3 Ngxe5 8.
Be2 a5 9. O-O O-O 10. Nc3 Nxf3+ 11. Bxf3 Ne5 12. Be2 c6 13. Qe4 f5 14. Qc2 d6
15. b3 Bd7 16. Bb2 f4 17. exf4 Rxf4 18. Ne4 Bf5 19. Bf3 Nxf3+ 20. gxf3 Rxf3 21.
Rae1 Qh4 22. Re2 d5 23. cxd5 Bd6 24. h3 Qxh3 0-1

[Event "Challenge"]
[Site "http://www.queenalice.com/game.php?id=1273020"]
[Date "2014.4.14"]
[Round "-"]
[White "szn1"]
[Black "AlekinePb"]
[Result "1/2-1/2"]
[WhiteElo "1926"]
[BlackElo "1918"]

1. c4 c6 2. Nf3 d5 3. e3 Bg4 4. cxd5 cxd5 5. Qb3 Bc8 6. d4 Nc6 7. Nc3 Nf6 8. Bb5
e6 9. Ne5 Bd7 10. Nxd7 Qxd7 11. O-O Bd6 12. h3 O-O 13. a3 a6 14. Bd3 b5 15. Qc2
Rac8 16. b4 h6 17. Bb2 e5 18. dxe5 Nxe5 19. Bf5 Qc7 20. Bxc8 Rxc8 21. Qe2 Qc4
22. Rad1 Qb3 23. Rb1 Rxc3 24. Bxc3 Qxc3 25. Qb2 Qd3 26. Qb3 Qf5 27. Rbd1 Nc4 28.
Qd3 Qe5 29. g3 Nb2 30. Qd4 Nxd1 31. Rxd1 Qf5 32. Kg2 Ne4 33. f4 Nf6 34. Rc1 h5
35. Qb6 Qe4+ 36. Kf2 Bxb4 37. axb4 Qxb4 38. Rc8+ Kh7 39. Qd8 Qd2+ 40. Kf1 Qd1+
41. Kg2 Qe2+ 42. Kg1 Qe1+ 1/2-1/2